000 01682nam a2200409 c 4500
003 BLK
005 20230802121544.0
008 180408b bul|||||r ||||||| ||bul||
010 _aKNG00082078000
020 _a978-84-9819-898-0
_bиздат.: Mediasat Group, S. A.
020 _a978-84-9819-890-4
_bиздат.: Mediasat Group, S. A. - (серия)
040 _aBLK
041 _aBUL
_cBUL
080 _aМузиканти-творци, композитори
_b78.071.1
_x(44)(092)
_z78.071.1(44)(092)
080 _aФренски композитор
_b929 Дебюси, Клод-Ашил
_x
_z929 Дебюси, Клод-Ашил
100 1 _aДраус, Агнешка
_eпърви автор
_965313
700 1 _aКаранлъков, Лъчезар Тодоров
_d1943-2022
_eред.
_976810
139 _aДраус, Агнешка
_bД 31
245 1 0 _aКлод Дебюси
_cАгнешка Драус; ред. Лъчезар Каранлъков.
257 _aFRA
260 София
_bMediasat Group, S. A.
_c2007
_fотпеч. в ЕС
300 _a43 с.
_bс цв. ил.
_c13Х14 см
_eCD
380 _a7
490 1 _aШедьоври на класиката
_v8
500 _aКн. е с CD 1644.
600 1 4 _aДебюси, Клод-Ашил
_9278171
650 4 _aКомпозитори, френски
_9256945
651 4 _aФранция
_9179722
653 _aкомпозитори
653 _aКлод Дебюси
852 _aЦб І 32926
856 4 _qpdf
_u
856 4 _qpdf
_u
942 _cKNG
_n0
_01
944 _aCR
_c10.03.2008
_k30556
_lТеодора Пейчева-Дянкова
944 _aED
_c08.01.2018
_kИрена_Линкова
999 _c77619
_d77619